Capitales contenant la lettre T - Statistiques

Statistiques générales
  • Ce quiz a été pris 752 fois
    372 depuis la dernière actualisation
  • Le résultat moyen est 47 sur 66
Statistiques - réponses
Afrique % Correct
Washington
89%
Tunis
86%
Athènes
85%
Bucarest
85%
Stockholm
85%
Budapest
84%
Tallinn
83%
Tokyo
83%
Tripoli
82%
Wellington
81%
Amsterdam
80%
Bogota
80%
Montevideo
80%
Ottawa
80%
Quito
80%
Rabat
80%
Santiago
80%
Téhéran
80%
Bratislava
77%
Kingston
77%
Kingstown
77%
Georgetown
76%
Port-au-Prince
76%
Port-Louis
76%
Saint-Marin
76%
Tirana
76%
Vatican
75%
La Valette
74%
Port Moresby
74%
Pristina
74%
Tachkent
73%
Beyrouth
71%
Mascate
71%
Port-Vila
71%
Tbilissi
71%
Astana
70%
Port-d'Espagne
70%
Antananarivo
69%
Tegucigalpa
69%
Djibouti
68%
Freetown
68%
Khartoum
68%
Saint-Domingue
68%
Katmandou
67%
Porto-Novo
67%
São Tomé
67%
Saint-Georges
66%
Maputo
65%
Nouakchott
65%
Koweït
64%
Oulan-Bator
64%
Bridgetown
63%
Guatemala
63%
Saint John's
63%
Victoria
62%
Vientiane
62%
Taipei
61%
Castries
60%
Basseterre
59%
Thimphou
58%
Achgabat
55%
Gitega
54%
Tarawa-Sud
53%
Funafuti
52%
Sri Jayawardenapura Kotte
42%
Nusantara
20%
Aucun quiz correspondant
Distribution des résultats
% des personnes avec chaque résultat
Percentile par nombre de réponses
Votre historique - résultats
Vous n’avez pas pris ce quiz depuis la dernière actualisation